| 000 | 01692nam0a2200313 4500 | ||
|---|---|---|---|
| 001 | RU\NLR\bibl\1322572 | ||
| 005 | 20260407194316.0 | ||
| 010 |
_a978-5-9635-0117-7 _9300 |
||
| 021 |
_aRU _b2008-96670 _95667 |
||
| 035 | _a(NLR Aleph) 001307902 | ||
| 090 |
_a660794 _c660794 |
||
| 100 | _a20090202d2008 |||y0rusy50 ca | ||
| 101 | 0 | _arus | |
| 102 | _aRU | ||
| 105 | _aa ||||||||| | ||
| 200 | 1 |
_aПрактическая реализация Logo Writer _eучебно-методическое пособие _fФедер. агентство по образованию, Гос. образоват. учреждение высш. проф. образования Башкир. гос. пед. ун-т им. М. Акмуллы, каф. программирования и ВМ _g[сост.: Ф.Ш. Артемова, к.х.н., доц. и др.] |
|
| 210 |
_aУфа _cВагант _d2008 |
||
| 215 |
_a135 с. _cил. _d20 |
||
| 320 | _aБиблиогр.: с. 119 (6 назв.) | ||
| 606 | 1 |
_aLOGO WRITER, система программирования _jУчебно-методические пособия для высших учебных заведений _92101400 _3RU\NLR\auth\661270860 |
|
| 686 | _aЗ973.2-018.1я73-1 | ||
| 702 | 1 |
_aАртемова _bФ. Ш. _gФлора Шакировна _4220 |
|
| 712 | 0 | 2 |
_4570 _aБашкирский государственный педагогический университет им. М. Акмуллы _cУфа _bКафедра программирования и ВМ _3RU\NLR\AUTH\8810128464 _9753954 |
| 801 | 0 |
_aRU _bNLR _c20090202 _gRCR |
|
| 801 | 1 |
_aRU _bNLR _c20090202 |
|
| 942 | _cBOOK | ||
| 980 | _aNB | ||
| 980 | _aNBR | ||